| 000 | 00953nam0a2200277 4500 | ||
|---|---|---|---|
| 001 | RU\NLR\bibl\1317661 | ||
| 005 | 20260405172048.0 | ||
| 010 |
_a978-5-91282-005-2 _95000 |
||
| 021 |
_aRU _b2008-93409 _95474 |
||
| 035 | _a(NLR Aleph) 001303033 | ||
| 090 |
_a631470 _c631470 |
||
| 100 | _a20090120d2008 |||y0rusy50 ca | ||
| 101 | 0 | _arus | |
| 102 | _aRU | ||
| 105 | _aa ||||||||| | ||
| 200 | 1 |
_aПринцесса на горошине _e[для чтения взрослыми детям _fхудож. С. Фоминова] |
|
| 210 |
_a[Б.м.] _cЛеда _cСлово _d2008 |
||
| 215 |
_a[10] с. _cцв. ил. _d22 |
||
| 225 | 1 |
_aСолнышко _eв 180-и тт. _vт. 90 |
|
| 225 | 1 | _aДля самых маленьких | |
| 702 | 1 |
_4040 _8rus _7ca _aФоминова _bС. _cхудожник _3RU\NLR\AUTH\7773620 _956548 |
|
| 801 | 0 |
_aRU _bNLR _c20090120 _gRCR |
|
| 801 | 1 |
_aRU _bNLR _c20090120 |
|
| 942 | _cBOOK | ||
| 980 | _aNB | ||